Growth of indian economy through indian knowledge system/ (Record no. 212775)

MARC details
000 -LEADER
fixed length control field 00638nam a22001937a 4500
005 - DATE AND TIME OF LATEST TRANSACTION
control field 20250801111907.0
010 ## - LCCN (DPL NO)
LC control number ENG-146300
020 ## - INTERNATIONAL STANDARD BOOK NUMBER
International Standard Book Number 9788198436917
Terms of availability 799.00
035 ## - SYSTEM CONTROL NUMBER
System control number EN-129832
037 ## - SOURCE OF ACQUISITION
Source of stock number/acquisition DBAD
082 ## - DEWEY DECIMAL CLASSIFICATION NUMBER
Classification number 338.954
100 ## - MAIN ENTRY--PERSONAL NAME
Personal name Agrawal, shobha
245 ## - TITLE STATEMENT
Title Growth of indian economy through indian knowledge system/
Statement of responsibility, etc shobha agrawal
250 ## - EDITION STATEMENT
Edition statement 01
260 ## - PUBLICATION, DISTRIBUTION, ETC. (IMPRINT)
Place of publication, distribution, etc chhattisgarh
Name of publisher, distributor, etc aditi publication
Date of publication, distribution, etc 2025
270 ## - ADDRESS
Address opp. new panchjanya vidya mandir, near tiranga chowk kushalpur, raipur, chhattisgarh, india
City chhattisgarh
300 ## - PHYSICAL DESCRIPTION
Extent 438p.
Dimensions 20cm(pbk)
942 ## - ADDED ENTRY ELEMENTS (KOHA)
Source of classification or shelving scheme Dewey Decimal Classification
Item type English Books
Classification part 338.954
Call number suffix Agr
Holdings
Withdrawn status Lost status Not for loan Collection code Home library Current library Date acquired Source of acquisition Cost, normal purchase price Full call number Barcode Copy number Cost, replacement price Koha item type
      Non-fiction Mobile Library Mobile Library 01/08/2025 DBAD 799.00 338.954 Agr EN-129832 1 799.00 English Books

© Delhi Public Library
Hit Counter
free hit counter